Heat and energy saving strategy (Record no. 109254)
[ view plain ]
| 000 -LEADER | |
|---|---|
| fixed length control field | 01945cad a22002655a 4500 |
| 001 - CONTROL NUMBER | |
| control field | L146681 |
| 008 - FIXED-LENGTH DATA ELEMENTS--GENERAL INFORMATION | |
| fixed length control field | 090216s2009 xxkabdof s f000 0 eng d |
| 020 ## - INTERNATIONAL STANDARD BOOK NUMBER | |
| International Standard Book Number | 9780108508158 |
| 035 ## - SYSTEM CONTROL NUMBER | |
| System control number | (Sirsi) u146681 |
| 041 0# - LANGUAGE CODE | |
| Language code of text/sound track or separate title | eng |
| 050 04 - LIBRARY OF CONGRESS CALL NUMBER | |
| Classification number | 333.33 $2 18 |
| 110 2# - MAIN ENTRY--CORPORATE NAME | |
| Corporate name or jurisdiction name as entry element | United Kingdom |
| Subordinate unit | Department for Energy and Climate Change |
| 9 (RLIN) | 5697 |
| 245 00 - TITLE STATEMENT | |
| Title | Heat and energy saving strategy |
| Remainder of title | consultation |
| Medium | [electronic resource] |
| 260 ## - PUBLICATION, DISTRIBUTION, ETC. | |
| Place of publication, distribution, etc. | London |
| Name of publisher, distributor, etc. | DECC |
| Date of publication, distribution, etc. | 2009 |
| 505 2# - FORMATTED CONTENTS NOTE | |
| Formatted contents note | Helping people change behaviour and take action -- Financing energy saving and low carbon energy -- Delivery -- Stronger incentives to move to a low carbon future -- District heating -- Combined heat and power and surplus heat -- Wider impacts -- Territorial extent and how to respond -- Annexes: consultation questions; code of practice on consultation; references |
| 520 ## - SUMMARY, ETC. | |
| Summary, etc. | Joint consultation document from the Department for Energy and Climate Change and the Department of Communities and Local Government provides an overview on a 'whole industry' approach to heat and energy conservation in the United Kingdom. Looks at the policy steps taken to date as part of the move towards more efficient energy use and lower carbon emissions and introduces proposed changes to support the four main government aims in this area. These include reducing use, increasing use of renewables and lowering carbon emissions and the need to maintain secure and economically beneficial energy supplies for the United Kingdom. |
| 520 ## - SUMMARY, ETC. | |
| Summary, etc. | Responses to the consultation must be received by Friday 8 May 2009. |
| 521 ## - TARGET AUDIENCE NOTE | |
| Target audience note | Advanced |
| 590 ## - LOCAL NOTE (RLIN) | |
| Local note | KA NTK |
| 651 #4 - SUBJECT ADDED ENTRY--GEOGRAPHIC NAME | |
| Geographic name | United Kingdom |
| Chronological subdivision | |
| 690 ## - LOCAL SUBJECT ADDED ENTRY--TOPICAL TERM (OCLC, RLIN) | |
| Topical term or geographic name as entry element | ENVIRONMENTAL AND LAND CONSULTANCY-ENERGY-ENERGY USE-ENERGY EFFICIENCY |
| 710 1# - ADDED ENTRY--CORPORATE NAME | |
| Corporate name or jurisdiction name as entry element | United Kingdom |
| Subordinate unit | Department for Communities and Local Government |
| 9 (RLIN) | 4939 |
| 856 40 - ELECTRONIC LOCATION AND ACCESS | |
| Uniform Resource Identifier | <a href="https://www.decc.gov.uk/consultations/hes.html">https://www.decc.gov.uk/consultations/hes.html</a> |
| Public note | View the item free of charge at www.decc.gov.uk... |
| 942 ## - ADDED ENTRY ELEMENTS (KOHA) | |
| Suppress in OPAC | 0 |
| Withdrawn status | Lost status | Source of classification or shelving scheme | Damaged status | Not for loan | Home library | Current library | Shelving location | Date acquired | Total Checkouts | Full call number | Barcode | Date last seen | Copy number | Price effective from | Koha item type |
|---|---|---|---|---|---|---|---|---|---|---|---|---|---|---|---|
| Dewey Decimal Classification | Virtual | Virtual | Online | 16/02/2009 | ONLINE PUBLICATION | 146681-1001 | 06/08/2019 | 1 | 06/08/2019 | Book |